000 006200000a22001810004500
003 MACL
005 20160531134020.0
008 160531b xxu||||| |||| 00| 0 eng d
040 _aMACL
_cMACL
041 _aHindi
082 _a900 SIN
100 _aसिंह, अशोक कुमार
_94603
245 _aतुगलक कालीन इतिहासकार एवं इतिहास-लेखन
_cअशोक कुमार सिंह
260 _bपंचशील प्रकाशन
_c2002
_aजयपुर
350 _a300
650 _aHistory
_961011
942 _cHIN
_k900
_2ddc
999 _c12837
_d12837